Sistema de cuentas de salud /

Na minha lista:
Detalhes bibliográficos
Autor Corporativo: OCDE
Outros Autores: Huber, Manfred N. (autor) (autor)
Formato: Livro
Idioma:espanhol
Publicado em: Washington, EUA : Banco Interamericano de Desarrollo : Agencia de los Estados Unidos para el Desarrollo Internacional : OPS, 2002, c2002
Assuntos:
Tags: Adicionar Tag
Sem tags, seja o primeiro a adicionar uma tag!

MARC

LEADER 00000nam^a2200000^a^4500
001 000161131
005 20250521000000.0
009 20260310100748.357
020 |a 1-931-003-08-4 
037 |a Acervo ITESO - Biblioteca 
041 |a ESP 
082 |a 362. 1068  |b OCDE 
110 |a OCDE 
245 1 0 |a Sistema de cuentas de salud /  |c OCDE ; M.N. Huber. 
264 4 |a Washington, EUA :  |b Banco Interamericano de Desarrollo :  |b Agencia de los Estados Unidos para el Desarrollo Internacional :  |b OPS,  |c 2002, c2002 
300 |a 217 p. 
336 |a texto  |b txt  |2 rdacontenido 
337 |a sin mediación  |b n  |2 rdamedio 
338 |a volumen  |b nc  |2 rdasoporte 
500 |a Traducción de: Système de comptes de la santé 
500 |a Traducción de: A System of Health Accounts 
649 |a XX 
650 |a Política y Salud Pública 
650 |a Política Social 
650 |a Servicios Médicos y de Salud -  |x Contabilidad 
650 |a Servicios Médicos y de Salud -  |x Administración 
650 |a Servicios Médicos y de Salud -  |x Aspectos Económicos 
650 |a Atención Médica 
650 |a Sistemas de Información 
650 |a Ciencias Administrativas 
650 |a Medicina 
650 |a Ciencias Médicas 
700 |a Huber, Manfred N.  |e (autor) 
910 |a Fondo General 
920 |a Impresos - Libros 
930 |a Colección General 
905 |a 101 
901 |a 0500092488  |b IT1  |c ACC  |u 20250521 
902 |a https://opac.biblio.iteso.mx/vufind/Record/000161131